000 00295nam a22001337a 4500
008 181017b xxu||||| |||| 00| 0 eng d
020 _a9780495118480
041 _aeng
080 _27 ED
_a510
100 _a37
101 _aMAT
245 _aFinite Mathematics
_cRolf.H.L
942 _2udc
_cBK
999 _c50030
_d50030